00573nam a2200181Ia 4500003000900000005001700009008004100026040003300067041000800100080001300108100002700121245003100148260006200179300002900241942000700270952009700277999001700374LK-CoDNM20240723112419.0010623t1926 xxu||||| |||| 00| 1 eng d aLK-CoDNMdLK-CoDNMeLK-CoDNM aeng a8 bCC18 aRobinson,James Harvey. aThe ordeal of Civilization bHarper and brothers Publishersc1926aNew York and London bxii, 769p. : ill ; 21 cm cBK 001041708OBCaMAINbMAINcREFd2024-07-18l0o8 CC18pOB2657r2024-07-23w2024-07-23yBK c93364d93364